Normal view
MARC view
Entry Topical Term
001 - CONTROL NUMBER
- control field: 16748
003 - CONTROL NUMBER IDENTIFIER
- control field: OSt
005 - DATE AND TIME OF LATEST TRANSACTION
- control field: 20231012123038.0
008 - FIXED-LENGTH DATA ELEMENTS
- fixed length control field: 231012|| aca||aabn | a|a d
040 ## - CATALOGING SOURCE
- Original cataloging agency: OSt
- Transcribing agency: OSt
150 ## - HEADING--TOPICAL TERM
- Topical term or geographic name entry element: Engeneering
670 ## - SOURCE DATA FOUND
- Source citation: Work cat.: (OSt)8208: Chudley,Roy;Greeno,Rodgers; 16747, Building Construction Handbook., 2016.
